CS2 - PGL CS2 Major Copenhagen 2024 - All teams and players - Statistics

General Stats
  • This quiz has been taken 125 times
  • The average score is 61 of 144
Answer Stats
Hint Answer % Correct
2nd FaZe
99%
3-4th G2
99%
1st Natus Vincere
99%
5-8th Spirit
94%
3-4th Vitality
94%
5-8th MOUZ
87%
iM
85%
jL
85%
karrigan
83%
m0NESY
82%
NiKo
82%
15-16th The MongolZ
82%
15-16th FURIA
81%
huNter-
81%
Aleksib
80%
w0nderful
80%
ZywOo
80%
ropz
79%
b1t
77%
broky
76%
donk
76%
frozen
76%
rain
76%
apEX
73%
chopper
73%
sh1ro
71%
siuhy
71%
Spinx
71%
HooXi
70%
9-11th Virtus.pro
70%
magixx
69%
Brollan
68%
5-8th Cloud9
68%
mezii
68%
9-11th Complexity
67%
flameZ
67%
17-19th GamerLegion
67%
Jimpphat
67%
12-14th HEROIC
65%
nexa
65%
xertioN
65%
zont1x
65%
20-22th ENCE
64%
9-11th paiN
64%
5-8th Eternal Fire
63%
torzsi
63%
FalleN
58%
Snax
55%
910
54%
12-14th Imperial
54%
Jame
52%
XANTARES
52%
Boombl4
51%
EliGE
50%
electroNic
49%
KSCERATO
48%
Techno
46%
woxic
46%
hades
45%
hallzerk
45%
bLitz
44%
mzinho
44%
dycha
43%
fame
43%
MAJ3R
43%
Senzu
43%
gla1ve
42%
Perfecto
42%
TeSeS
42%
yuurih
42%
Ax1Le
40%
JT
40%
Wicadia
40%
17-19th Legacy
39%
biguzera
38%
NertZ
38%
arT
37%
Calyx
37%
FL1T
37%
Grim
37%
Goofy
36%
HObbit
36%
Kylar
36%
kyxsan
36%
n0rb3r7
36%
20-22th Lynn Vision
35%
floppy
33%
sjuush
33%
acoR
32%
coldzera
32%
chelo
31%
Keoz
31%
17-19th SAW
31%
23-24th AMKAL
27%
20-22th Apeks
27%
nqz
27%
VINI
27%
HEN1
26%
12-14th ECSTATIC
25%
23-24th KOI
23%
felps
21%
isak
21%
kauez
20%
mir
20%
ICY
18%
MUTiRiS
18%
arrozdoce
17%
nicoodoz
17%
volt
17%
decenty
15%
lux
15%
dumau
14%
noway
14%
roman
14%
EmiliaQAQ
13%
ewjerkz
13%
nawwk
13%
CacaNito
12%
kraghen
12%
latto
12%
Starry
12%
story
12%
STYKO
12%
jkaem
11%
mopoz
11%
Krad
10%
Queenix
10%
adamS
8%
dav1g
8%
Forester
8%
n1ssim
8%
salazar
8%
TRAVIS
8%
Westmelon
8%
z4kr
8%
JUST
7%
NickelBack
7%
stadodo
7%
b4rtiN
6%
sense
6%
Jee
5%
NEKIZ
5%
Nodios
5%
Patti
5%
No matching quizzes found
Score Distribution
Percent of People with Each Score
Percentile by Number Answered
Your Score History
You have not taken this quiz